Royaumes de Feu: protagonistes - Statistiques

Statistiques générales
  • Ce quiz a été pris 91 fois
  • Le résultat moyen est 11 sur 14
Statistiques - réponses
Tome Nom % Correct
I Argil
100%
II Tsunami
98%
III Gloria
97%
IV Comète
94%
V Sunny
92%
VI Lune Claire
82%
VII Winter
79%
X Qibli
73%
IX Triton
71%
VIII Péril
69%
XI Blue
65%
XII Criquette
52%
XIII Droséra
47%
XIV Avalanche
40%
Aucun quiz correspondant
Distribution des résultats
% des personnes avec chaque résultat
Percentile par nombre de réponses
Votre historique - résultats
Vous n’avez pas pris ce quiz